000 00518nam a2200217Ia 4500
003 OSt
005 20220928144103.0
006 a|||||r|||| 00| 0
007 ta
008 220927b |||||||| |||| 00| 0 eng d
024 _a24205
037 _cTextual
040 _aSDCL
_cSDCL
_beng
041 _2eng
_aeng
082 _aX9:(Z2), P2
100 _aPuri S D
245 0 _aGuide to the factories act,1948
260 _c2002
942 _hX9:(Z2), P2
_cTEXL
_2CC
999 _c826120
_d826120